000 00527nam a2200193Ia 4500
005 20250508161704.0
008 008 250505s9999 xx 000 0 eng d
037 _aTextual
040 _aFEDL
_beng
_cFEDL
041 _aeng
_2eng
084 _a421, CHO
_qFEDL
100 _aChomsky Noam
245 0 _aSound pattern of english
260 _aNew York, USA
_bHarper and Row Publisher
_c1968
300 _axiv,470p.
700 _a Halle Morris
_9771345
942 _cTEXL
_h421, CHO
999 _c1371561
_d1371561